Mots les plus présents dans le nom des départements français - Statistiques

Statistiques générales
  • Ce quiz a été pris 87 fois
  • Le résultat moyen est 8 sur 11
Statistiques - réponses
Occurrences Réponse % Correct
12 Haut.e.s
92%
3 D'
82%
6 Loire
79%
6 De
77%
4 Seine
77%
3 Alpes
75%
3 Pyrénées
71%
8 Et
66%
3 Garonne
53%
3 Marne
41%
3 Maritime.s
38%
Aucun quiz correspondant
Distribution des résultats
% des personnes avec chaque résultat
Percentile par nombre de réponses
Votre historique - résultats
Vous n’avez pas pris ce quiz